| 000 | 00407nam a2200145Ia 4500 | ||
|---|---|---|---|
| 008 | 230411s9999 xx 000 0 und d | ||
| 020 | _a978-93-86150-00-4 | ||
| 041 | _aeng | ||
| 082 | _aCH/610.7343/VEE/B09126 | ||
| 100 |
_aVeerabhadrappa GM _9106523 |
||
| 245 | _aShort Textbook of Community Health Nursing | ||
| 260 |
_bJaypee Brothers _aNew Delhi _c2016 |
||
| 300 | _a480p | ||
| 999 |
_c158432 _d158432 |
||